Psicología humanística: entrevistas con Maslow, Murphy y Rogers

Guardat en:
Dades bibliogràfiques
Autor principal: Frick, Willard B (Autor)
Format: Llibre
Idioma:espanyol
Publicat: Buenos Aires Guadalupe 1973
Col·lecció:Biblioteca pedagógica. Sección problemática de la educación, 17
Matèries:
Etiquetes: Afegir etiqueta
Sense etiquetes, Sigues el primer a etiquetar aquest registre!

MARC

LEADER 00000nam a2200000 a 4500
001 UCY6313
003 CL-VaPUC
005 20220622104516.0
008 950526e19730000AG |||||||||||||||||spa|d
999 |c 233889  |d 233887 
040 |c Pontificia Universidad Católica de Valparaíso 
082 0 4 |a 155.23  |b FRI  |2 21 
100 0 |a Frick, Willard B  |e author  |9 336171 
245 1 0 |a Psicología humanística: entrevistas con Maslow, Murphy y Rogers 
260 |a Buenos Aires  |b Guadalupe  |c 1973 
300 |a 202 p 
490 0 |a Biblioteca pedagógica. Sección problemática de la educación, 17 
583 |a last modification  |c 19950526 00:00:00  |k Rodrigo Vera 
600 0 |a Maslow, Abraham Harold,  |d 1908-1970  |9 863752 
600 0 7 |a ROGERS, CARL  |2 CL-VaPUC  |9 307267 
600 0 7 |a Murphy, Gardner,  |d 1895-1979  |9 871120 
650 0 |a Personalidad   |9 307255 
650 0 |a Trastornos de la personalidad   |9 307698 
650 0 |a Psicología   |9 257863 
942 |c BK  |2 ddc 
945 |d 19950526 00:00:00  |a mfernand 
952 |0 0  |1 0  |4 0  |6 155_230000000000000_FRI_1973  |7 0  |8 P  |9 239696  |a BIBEDU  |b BIBEDU  |c BIBEDU_PB  |d 2019-11-18  |i 1508474  |o 155.23 FRI 1973  |p 1508474  |r 2024-01-25  |w 2019-11-18  |y BK  |k EDU 
952 |0 0  |1 0  |4 0  |6 155_230000000000000_FRI_1973  |7 0  |8 P  |9 239697  |a BIBEDU  |b BIBEDU  |c BIBEDU_PB  |d 2019-11-18  |i 1508482  |o 155.23 FRI 1973  |p 1508482  |r 2024-01-25  |w 2019-11-18  |y BK  |k EDU